000 00588nam a2200205Ia 4500
003 OSt
005 20230327153229.0
008 210423s2003 xx 000 0 und d
020 _a824708806
040 _cAL
041 _aeng
082 _a547.05
_223
_bGARA
100 _aGARNOVSKII (Alexander D);KHARISOV (Boris),Ed.
_978514
245 _aSynthetic coordination and organometallic chemistry.
260 _aNew York
_bMarcel Dekkkar
_c2003
300 _aix,513
_bHB
365 _b10950
_cINR
906 _achemistry. ; coordination ; organometallic ; Synthetic
942 _2ddc
_cBK
999 _c154204
_d154204